विश्व शक्ति के रूप में उभरता भारत (Record no. 8162)
[ view plain ]
| 000 -LEADER | |
|---|---|
| fixed length control field | 01113 a2200217 4500 |
| 005 - DATE AND TIME OF LATEST TRANSACTION | |
| control field | 20080922124312.0 |
| 008 - FIXED-LENGTH DATA ELEMENTS--GENERAL INFORMATION | |
| fixed length control field | 080922t xxu||||| |||| 00| 0 hin d |
| 010 ## - LCCN (DPL NO) | |
| LC control number | HIN-81311 |
| 020 ## - INTERNATIONAL STANDARD BOOK NUMBER | |
| Terms of availability | 200.00 |
| International Standard Book Number | 8190269739 |
| 035 ## - SYSTEM CONTROL NUMBER | |
| System control number | HN-53657 |
| 037 ## - SOURCE OF ACQUISITION | |
| Source of stock number/acquisition | D.B.Act / pub |
| 082 ## - DEWEY DECIMAL CLASSIFICATION NUMBER | |
| Classification number | 808.84 |
| 100 ## - MAIN ENTRY--PERSONAL NAME | |
| Personal name | अजय प्रकाश |
| 245 ## - TITLE STATEMENT | |
| Title | विश्व शक्ति के रूप में उभरता भारत |
| Statement of responsibility, etc | अजय प्रकाश |
| 260 ## - PUBLICATION, DISTRIBUTION, ETC. (IMPRINT) | |
| Place of publication, distribution, etc | इलाहाबाद |
| Name of publisher, distributor, etc | अमरेश प्रकाशन |
| Date of publication, distribution, etc | 2007 |
| 270 ## - ADDRESS | |
| Address | 6, अलोपी बाग |
| City | इलाहाबाद |
| 300 ## - PHYSICAL DESCRIPTION | |
| Extent | 168पृ |
| Dimensions | 22 सेमी (सजिल्द) |
| 942 ## - ADDED ENTRY ELEMENTS (KOHA) | |
| Institution code [OBSOLETE] | dpl |
| Item type | Hindi Books |
| Call number prefix | 808.84 / अजय |
| Source of classification or shelving scheme | Dewey Decimal Classification |
| Classification part | 808.84 |
| Call number suffix | अजय |
| Withdrawn status | Lost status | Source of classification or shelving scheme | Damaged status | Not for loan | Home library | Current library | Date acquired | Cost, normal purchase price | Total Checkouts | Full call number | Barcode | Date last seen | Copy number | Cost, replacement price | Koha item type |
|---|---|---|---|---|---|---|---|---|---|---|---|---|---|---|---|
| Dewey Decimal Classification | D.B.Act.Division | D.B.Act.Division | 22/09/2008 | 200.00 | 808.84 अजय | HN-53657 | 15/09/2008 | 1 | 200.00 | Hindi Books | |||||
| Dewey Decimal Classification | Vinoba Puri | Vinoba Puri | 27/02/2009 | 200.00 | 2 | 808.84 अजय | B-317604 | 22/01/2016 | 1 | 200.00 | Hindi Books |
